Properties of interacting low-dimensional systems (Record no. 32489)
[ view plain ]
| 000 -LEADER | |
|---|---|
| fixed length control field | 01381nam a2200337 a 4500 |
| 082 04 - DEWEY DECIMAL CLASSIFICATION NUMBER | |
| Classification number | 530.41 |
| 100 1# - MAIN ENTRY--AUTHOR NAME | |
| Personal name | Gumbs, Godfrey, |
| 245 10 - TITLE STATEMENT | |
| Title | Properties of interacting low-dimensional systems |
| 260 ## - PUBLICATION, DISTRIBUTION, ETC. (IMPRINT) | |
| Place of publication | Weinheim : |
| Name of publisher | Wiley-VCH, |
| Year of publication | c2011. |
| 300 ## - PHYSICAL DESCRIPTION | |
| Number of Pages | xii, 379 p. : |
| Other physical details | ill. (some col.) |
| 505 0# - FORMATTED CONTENTS NOTE | |
| Formatted contents note | pt. 1. Linear response of low dimensional quantum systems -- pt. 2. Nonlinear response of low dimensional quantum systems. |
| 650 #0 - SUBJECT ADDED ENTRY--TOPICAL TERM | |
| Topical Term | Low-dimensional semiconductors. |
| 700 1# - ADDED ENTRY--PERSONAL NAME | |
| Personal name | Huang, Danhong. |
| 856 40 - ELECTRONIC LOCATION AND ACCESS | |
| Uniform Resource Identifier | http://site.ebrary.com/lib/rucke/Doc?id=10683265 |
No items available.
